Statistiken für KVB Köln: Linie 4

Klicken Sie hier um das Quiz zu spielen!

Allgemein

  • Dieses Quiz wurde 119 mal gespielt
  • Das Durchschnittsergebnis liegt bei 20 aus 29

Antwortstatistiken

Haltestelle% Korrekt
Neumarkt
97%
Bahnhof Deutz/Lanxess Arena
95%
Friesenplatz
90%
Bocklemünd
88%
Poststraße
88%
Schlebusch
85%
Mülheim Wiener Platz
81%
Severinstraße
81%
Koelnmesse
80%
Hans-Böckler-Platz/Bahnhof West
78%
Venloer Straße/Gürtel
78%
Appellhofplatz
76%
Suevenstraße
75%
Keupstraße
73%
Piusstraße
69%
Körnerstraße
68%
Stegerwaldsiedlung
68%
Äußere Kanalstraße
64%
Grünstraße
64%
Leyendeckerstraße
64%
Mülheim Berliner Straße
59%
Am Emberg
58%
Im Weidenbruch
56%
Leuchterstraße
53%
Akazienweg
49%
Von-Sparr-Straße
49%
Westfriedhof
49%
Odenthaler Straße
47%
Wolffsohnstraße
41%

Verteilung der Resultate

Perzentil nach korrekt beantworteten Fragen

Anzahl Personen mit jedem Resultat

Ihre Resultats-Entwicklung

Sie haben dieses Quiz noch nicht gespielt